000 00687nam a22002053a 4500
005 20240806063810.0
008 010531s1997 mx r 000 0 spa d
020 _a9681654412
035 _aUPN01000116885
049 _aI
050 4 _aPZ7
_bO7.58
100 1 _aOrtiz Cofer, Judith,
_d1952-
245 1 4 _aUna isla como tú :
_bhistorias del barrio /
_cJudith Ortiz Cofer ; il. de Felipe Ugalde ; tr. de Juan Elias Tovar Cross.
260 _aMéxico :
_bFCE,
_c1997.
300 _a199 p. :
_bil.
440 0 _aA la orilla del viento.
_pPara los grandes lectores ;
_v99
650 4 _aLiteratura juvenil
_95153
650 4 _aCuentos infantiles estadounidenses
_910762
905 _aInfantil
999 _c89527
_d89527